Statystyki dla Stolice państw Ameryki Południowej

Kliknij tutaj aby rozwiązać quiz!

Ogólne statystyki

  • Ten quiz został rozwiązany 90 razy
  • Średni wynik to 9 z 13

Statystyki odpowiedzi

#Odpowiedź% Poprawnych
ArgentynaBuenos Aires
94%
BrazyliaBrasilia
88%
PeruLima
78%
KolumbiaBogota
75%
BoliwiaLa Paz
75%
ChileSantiago
72%
UrugwajMontevideo
69%
EkwadorQuito
69%
WenezuelaCaracas
66%
BoliwiaSucre
56%
GujanaGeorgetown
53%
ParagwajAsuncion
50%
SurinamParamaribo
34%

Rozkład punktacji

Percentyl według liczby udzielonych odpowiedzi

Procent ludzi z każdym wynikiem

Twoja historia wyników

Nie rozwiązałeś tego quizu